Objective Type Pharmacy (Record no. 8259)

MARC details
000 -LEADER
fixed length control field 00324nam a2200133Ia 4500
008 - FIXED-LENGTH DATA ELEMENTS--GENERAL INFORMATION
fixed length control field 191201s2019 xx 000 0 und d
082 ## - DEWEY DECIMAL CLASSIFICATION NUMBER
Classification number 615.14 ALO
100 ## - MAIN ENTRY--PERSONAL NAME
Personal name ALI, Mohammed
245 #0 - TITLE STATEMENT
Title Objective Type Pharmacy
260 ## - PUBLICATION, DISTRIBUTION, ETC. (IMPRINT)
Name of publisher, distributor, etc Birla Pub
Place of publication, distribution, etc New Delhi
Date of publication, distribution, etc 2019
300 ## - PHYSICAL DESCRIPTION
Extent 1076+32
650 ## - SUBJECT ADDED ENTRY--TOPICAL TERM
Topical term or geographic name as entry element Miscellaneous
942 ## - ADDED ENTRY ELEMENTS (KOHA)
Source of classification or shelving scheme Dewey Decimal Classification
Koha item type Text Books
Holdings
Withdrawn status Lost status Source of classification or shelving scheme Damaged status Not for loan Collection code Home library Current library Date acquired Source of acquisition Cost, normal purchase price Bill Number Total Checkouts Full call number Acc. no. / Barcode Date last seen Actual Cost, discounted price Bill Date Koha item type Date last borrowed
    Dewey Decimal Classification     Diploma in Pharmacy PIET C-LIBRARY PIET C-LIBRARY 26/03/2019 Kirti Prakashan 850.00 IN 3105   615.14 ALO DP247 04/12/2019 569.50 12/03/2019 Text Books  
    Dewey Decimal Classification     Diploma in Pharmacy PIET C-LIBRARY PIET C-LIBRARY 26/03/2019 Kirti Prakashan 850.00 IN 3105 1 615.14 ALO DP248 10/06/2022 569.50 12/03/2019 Text Books 02/02/2021
    Dewey Decimal Classification     Diploma in Pharmacy PIET C-LIBRARY PIET C-LIBRARY 26/03/2019 Kirti Prakashan 850.00 IN 3105   615.14 ALO DP249 04/12/2019 569.50 12/03/2019 Reference Books  
    Dewey Decimal Classification     Diploma in Pharmacy PIET C-LIBRARY PIET C-LIBRARY 26/03/2019 Kirti Prakashan 850.00 IN 3105   615.14 ALO DP250 04/12/2019 569.50 12/03/2019 Text Books  

Design & Developed by: PIET Central Library
R70 Miles Stone Pattikalyana Samalkha Panipat 132102
mail ID :- [email protected], Phone No:- 0180-2569700 Ex.216